00766nam a22002177a 450000500170000001000150001702000260003203500130005803700130007108200150008424500950009926000450019427000630023930000250030250000190032770000250034670000160037194200290038799900170041695201150043320170724140653.0 aENG-111218 a9780198099123c495.00 aEN-94750 bDBAD/PUB a354.550954 aDemocratizing forest governance in India /cedited by Sharachchandra Lele [and] Ajit Menon aNew DelhibOxford University Pressc2014 aYMCA Library building, 1 Jai Singh RoadbNew Delhie110001 axiv, 432p.c22cm(Hb) aIncludes index aLele, Sharachchandra aMenon, Ajit 2ddccENmDEMh354.550954 c90022d90022 001040718NFICaDBADbBNd2014-11-13eDBAD/PUBg495.00l0oDEMpEN-94750r2014-11-13 00:00:00t1v495.00yEN